Burza

Enregistré dans:
Détails bibliographiques
Format: Publication en série
Langue:slovaque
Publié: Bratislava Burza cenných papierov v Bratislave 2003
Sujets:
Tags: Ajouter un tag
Pas de tags, Soyez le premier à ajouter un tag!

MARC

LEADER 00000nas2a22000001 4500
001 0057030
005 20070511150602.0
022 |a 1335-1435 
041 0 |a slo 
044 |a SK 
245 1 0 |a Burza 
264 1 |a Bratislava  |b Burza cenných papierov v Bratislave  |c 2003 
773 0 |w eu_un_cat*s120006 
610 2 0 |a burzy 
610 2 0 |a papiere cenné 
610 2 0 |a trh kapitálový 
610 2 0 |a trh finančný